| 000 | 00582nam a2200229Ia 4500 | ||
|---|---|---|---|
| 005 | 20250425161321.0 | ||
| 008 | 250425s9999 xx 000 0 und d | ||
| 020 | _a0849357276 | ||
| 041 | _aeng | ||
| 082 | _a621.59 | ||
| 100 | _aWILLIAMSON, K.D. | ||
| 245 | 0 | _aLIQUID CRYOGENS (VOLUME I): THEORY AND EQUIPMENT | |
| 250 | _aS.E. | ||
| 260 | _aBOCA RATON | ||
| 260 |
_aEstados Unidos _bCRC PRESS _c1983 |
||
| 300 | _a192 | ||
| 650 | _aGASES LICUADOS | ||
| 650 | _aINGENIERIA DE BAJA TEMPERATURA | ||
| 700 | _aEDESKUTY, FREDERICK J. | ||
| 942 | _c01 | ||
| 010 | _a17572 | ||
| 999 |
_c206762 _d206762 |
||